Introduction to Corporate Finance. (Record no. 348676)

000 -LEADER
fixed length control field 00487 a2200181 4500
003 - CONTROL NUMBER IDENTIFIER
control field OSt
005 - DATE AND TIME OF LATEST TRANSACTION
control field 20180116182927.0
008 - FIXED-LENGTH DATA ELEMENTS--GENERAL INFORMATION
fixed length control field 160428b xxu||||| |||| 00| 0 eng d
020 ## - INTERNATIONAL STANDARD BOOK NUMBER
International Standard Book Number 9780324379853
022 ## - INTERNATIONAL STANDARD SERIAL NUMBER
International Standard Serial Number 9780324379853
040 ## - CATALOGING SOURCE
Transcribing agency 0
082 ## - DEWEY DECIMAL CLASSIFICATION NUMBER
Classification number 8031
100 ## - MAIN ENTRY--PERSONAL NAME
Personal name Megginson,William L.
245 ## - TITLE STATEMENT
Title Introduction to Corporate Finance.
Statement of responsibility, etc. William L.Megginson.
260 ## - PUBLICATION, DISTRIBUTION, ETC.
Place of publication, distribution, etc. Canada.
Name of publisher, distributor, etc. Thomson South-Western.
Date of publication, distribution, etc. 2006
500 ## - GENERAL NOTE
General note Hard Cover.
942 ## - ADDED ENTRY ELEMENTS (KOHA)
Institution code [OBSOLETE] NBS
Koha item type Book
Call number prefix 658.15 MEG
Source of classification or shelving scheme
Holdings
Withdrawn status Lost status Damaged status Not for loan Permanent Location Current Location Date acquired Total Checkouts Full call number Barcode Checked out Date last seen Date last checked out Price effective from Koha item type
        Central Library (CL) Central Library (CL) 08/28/2013 3 658.15 MEG NBS8031 10/27/2018 10/12/2018 10/12/2018 08/28/2013 Book
© 2023 Central Library, National University of Sciences and Technology. All Rights Reserved.